JANE EYRE (Record no. 7215)
[ view plain ]
| 000 -LEADER | |
|---|---|
| fixed length control field | 00235nam a22001217a 4500 |
| 082 ## - DEWEY DECIMAL CLASSIFICATION NUMBER | |
| Classification number | 823 |
| Item number | BRO/J |
| 100 ## - MAIN ENTRY--AUTHOR NAME | |
| Personal name | BRONTE,CHARLOTTE |
| 245 ## - TITLE STATEMENT | |
| Title | JANE EYRE |
| 260 ## - PUBLICATION, DISTRIBUTION, ETC. (IMPRINT) | |
| Name of publisher | PEACOCK BOOKS |
| Year of publication | 2018 |
| 300 ## - PHYSICAL DESCRIPTION | |
| Number of Pages | 97 |
| 650 ## - SUBJECT ADDED ENTRY--TOPICAL TERM | |
| Topical Term | STORY |
| 942 ## - ADDED ENTRY ELEMENTS (KOHA) | |
| Koha item type | Books |
| Withdrawn status | Lost status | Collection code | Home library | Current library | Shelving location | Date acquired | Source of acquisition | Full call number | Accession Number | Koha item type |
|---|---|---|---|---|---|---|---|---|---|---|
| Withdrawn | Fiction | Main Library | Main Library | SHELF-14B -ALPHABETICAL -B--ENGLISH NOVELS & FICTIONS | 14/01/2019 | PURCHASE | 823 BRO/J | 10383 | Books |